000 00452nmm a2200169Ia 4500
008 251105s9999||||xx |||||||||||||||||und||
020 _a9788446047919
041 _aspa
100 _aHonneth, Axel
245 0 _aReconocimiento
264 _a[Madrid, España] :
_bAkal,
_c2019
300 _a208 páginas
490 _aPensamiento crítico
650 _aPhilosophy, Ethics
856 _uhttps://public.digitaliapublishing.com/a/63485
942 _cCF
999 _c83164
_d83164